• 首页
  • 本馆介绍
  • 公告通知
  • 最新文献
  • 馆藏检索
  • 电子资源
  • 读者导购
  • 参考咨询
  • 我的图书馆
  • 登录
  • 详细信息显示
  • 放入我的书架
  • 预约/预借图书
  • 作者相关作品
  • 分类相关作品
  • 丛书相关作品
  • 出版社相关作品

书目信息

  • 表格格式
  • 工作单格式
  • 卡片格式
题名:
社会辩证法研究
    
 
作者: 季忠 著
分册:  
出版信息: 长春   东北师范大学出版社  2014
页数: 244页
开本: 23cm
丛书名:
单 册:
中图分类: C03
科图分类:
主题词: 社会科学--辩证法--研究 , 社会科学 , 辩证法
电子资源:
ISBN: 978-7-5602-9937-2
000 01000nam0 2200265 45
001 012001002038
005 20140926114739.0
010    @a978-7-5602-9937-2@dCNY47.00
100    @a20150107d2014 em y0chiy50 ea
101 0  @achi
102    @aCN@b220000
105    @ay z 000yy
106    @ar
200 1  @a社会辩证法研究@9she hui bian zheng fa yan jiu@dSocial studies in dialectics@f季忠著@zeng
210    @a长春@c东北师范大学出版社@d2014
215    @a244页@d23cm
330    @a本书从理论与实践两个方面系统梳理了马克思主义经典作家以及其他思想家的社会辩证法思想,内容涉及马克思主义哲学、中国古代哲学、西方哲学和当代中国学术界在这个领域的基本观点,探析了当代中国社会发展和人的发展中的辩证法问题,深化了对社会辩证法当代价值的理解。
510 1  @aSocial studies in dialectics@zeng
606 0  @a社会科学@x辩证法@x研究
606 0  @a社会科学
606 0  @a辩证法
690    @aC03@v5
701  0 @a季忠@9ji zhong@f(1957-)@4著
801  0 @aCN@b上海新华@c20180901
905    @b1044964-8@dC03@e41@f5
    
    社会辩证法研究=Social studies in dialectics/季忠著.-长春:东北师范大学出版社,2014
    244页;23cm
    
    
    ISBN 978-7-5602-9937-2:CNY47.00
    本书从理论与实践两个方面系统梳理了马克思主义经典作家以及其他思想家的社会辩证法思想,内容涉及马克思主义哲学、中国古代哲学、西方哲学和当代中国学术界在这个领域的基本观点,探析了当代中国社会发展和人的发展中的辩证法问题,深化了对社会辩证法当代价值的理解。
●
相关链接 在E读中查询图书 在五车中查询图书 在当当中查询图书 在豆瓣中查询图书


正题名:社会辩证法研究     索取号:C03/41         预约/预借

序号 登录号 条形码 馆藏地/架位号 状态 备注
1 1044964   210449647   第一样本阅览室/ [索取号:C03/41] 在馆    
2 1044965   210449656   第一借阅区/ [索取号:C03/41] 在馆    
3 1044966   210449665   第一借阅区/ [索取号:C03/41] 在馆    
4 1044967   210449674   第一借阅区/ [索取号:C03/41] 在馆    
5 1044968   210449683   第一借阅区/ [索取号:C03/41] 在馆    
唐山师范学院图书馆 欢迎您!
大连网信软件有限公司© 版权所有